Output in the construction industry (Record no. 114548)

MARC details
000 -LEADER
fixed length control field 01038cad a22002055a 4500
001 - CONTROL NUMBER
control field L157026
008 - FIXED-LENGTH DATA ELEMENTS--GENERAL INFORMATION
fixed length control field 120814s2012 xxkd f s f000 0 eng d
035 ## - SYSTEM CONTROL NUMBER
System control number (Sirsi) u157026
041 0# - LANGUAGE CODE
Language code of text/sound track or separate title eng
110 1# - MAIN ENTRY--CORPORATE NAME
Corporate name or jurisdiction name as entry element United Kingdom
Subordinate unit Office of National Statistics
9 (RLIN) 2035
245 00 - TITLE STATEMENT
Title Output in the construction industry
Remainder of title June and Q2 2012
Medium [electronic resource]
260 ## - PUBLICATION, DISTRIBUTION, ETC.
Place of publication, distribution, etc. [S.l.]
Name of publisher, distributor, etc. ONS
Date of publication, distribution, etc. 2012
490 #0 - SERIES STATEMENT
Series statement Statistical bulletin
Volume/sequential designation 10 August 2012
520 ## - SUMMARY, ETC.
Summary, etc. This bulletin shows output in the construction industry for the second quarter of 2012. The overall estimate for construction output this quarter was 3.9% lower compared with the previous quarter, reflecting volume reductions in eight out of the nine sectors. The largest of these reductions was in new infrastructure work, which fell by 8.6%.
590 ## - LOCAL NOTE (RLIN)
Local note KA
651 #4 - SUBJECT ADDED ENTRY--GEOGRAPHIC NAME
Geographic name Great Britain
Chronological subdivision 1707-
690 ## - LOCAL SUBJECT ADDED ENTRY--TOPICAL TERM (OCLC, RLIN)
Topical term or geographic name as entry element Construction management
9 (RLIN) 6230
856 40 - ELECTRONIC LOCATION AND ACCESS
Uniform Resource Identifier <a href="https://www.ons.gov.uk/ons/dcp171778_275303.pdf">https://www.ons.gov.uk/ons/dcp171778_275303.pdf</a>
Public note View the statistical bulletin free of charge at www.ons.gov.uk
942 ## - ADDED ENTRY ELEMENTS (KOHA)
Suppress in OPAC 0
Holdings
Withdrawn status Lost status Source of classification or shelving scheme Damaged status Not for loan Home library Current library Shelving location Date acquired Total Checkouts Full call number Barcode Date last seen Copy number Price effective from Koha item type
    Dewey Decimal Classification     Virtual Virtual Online 14/08/2012   ONLINE PUBLICATION 157026-2001 06/08/2019 1 06/08/2019 Book